[Event "Geneve op"]
[Site "Geneve"]
[Date "1996.??.??"]
[Round "5"]
[White "Barle, Janez"]
[Black "Razuvaev, Yuri S"]
[Result "1/2-1/2"]
[WhiteElo "2430"]
[BlackElo "2580"]

1.e4 c5 2.Nf3 Nc6 3.Bb5 g6 4.c3 Nf6 5.Qe2 Bg7 6.d4 cxd4 7.cxd4 d5 8.e5 Ne4
9.O-O O-O 10.Nc3 Bf5 11.Be3 Nxc3 12.bxc3 Na5 13.Qd2 a6 14.Be2 Bg4 15.Bh6 Rc8
16.Bxg7 Kxg7 17.h3 Bxf3 18.Bxf3 e6 19.Rac1 Rc6 20.Be2 Nc4 21.Bxc4 Rxc4 22.f4 h5
23.g3 b5 24.Rf3 Qe7 25.g4 hxg4 26.hxg4 f5 27.exf6+ Qxf6 28.Qe3 b4 29.g5 Qf5
30.cxb4 Rxb4 31.Re1 Qg4+ 32.Kf1 Rb2 33.Re2 Rb1+ 34.Re1 Rb2 35.Re2 Rb1+ 36.Re1 Rb2  1/2-1/2

[Event "GER-ch Seniors"]
[Site "?"]
[Date "1996.??.??"]
[Round "1"]
[White "Usachyi, Mark"]
[Black "Janssen, Lieselotte"]
[Result "1-0"]
[WhiteElo "2280"]
[BlackElo "2125"]

1.e4 c5 2.Nf3 Nc6 3.Bb5 d6 4.O-O Bd7 5.Re1 e5 6.d3 a6 7.Bc4 b5 8.Bb3 Na5
9.Bd5 Bc6 10.Nc3 Nf6 11.Bg5 Be7 12.Bxf6 Bxf6 13.Bxc6+ Nxc6 14.Nd5 O-O 15.a4 b4
16.Nd2 Bg5 17.Nc4 f5 18.c3 bxc3 19.bxc3 Rb8 20.Rb1 Qd7 21.Qc2 f4 22.f3 Ne7
23.Ncb6 Qc6 24.Qa2 Nxd5 25.Qxd5+ Qxd5 26.Nxd5 Rfc8 27.Kf1 Kf7 28.Ke2 Bh4
29.Red1 Bd8 30.Rd2 Ke6 31.Rc2 Kd7 32.g3 fxg3 33.hxg3 Bg5 34.Rh1 h6 35.f4 exf4
36.gxf4  1-0

[Event "Oberliga Nord O9596"]
[Site "Germany"]
[Date "1996.??.??"]
[Round "?"]
[White "Fette, Martin"]
[Black "Waschk, Armin"]
[Result "1/2-1/2"]
[WhiteElo "2340"]
[BlackElo "2205"]

1.e4 c5 2.Nf3 Nc6 3.Bb5 g6 4.O-O Bg7 5.c3 Nf6 6.e5 Nd5 7.d4 cxd4 8.cxd4 O-O
9.Nc3 Nc7 10.Ba4 d6 11.Bxc6 bxc6 12.h3 Ne6 13.Qe2 Bb7 14.Rd1 Qc7 15.exd6 Qxd6
16.Ne4 Qd5 17.Nc3 Qd6 18.Ne4 Qd5 19.Nc3 Qd6  1/2-1/2

[Event "Oberliga Nord O9596"]
[Site "Germany"]
[Date "1996.??.??"]
[Round "?"]
[White "Lisek, Juergen"]
[Black "Baumbach, Friedrich"]
[Result "1/2-1/2"]
[WhiteElo "2325"]
[BlackElo "2320"]

1.e4 c5 2.Nf3 Nc6 3.Bb5 g6 4.O-O Bg7 5.Nc3 Nf6 6.h3 O-O 7.e5 Ne8 8.Re1 Nd4
9.Bc4 d6 10.exd6 Nxd6 11.Be2 Bd7 12.d3 Bc6 13.Ng5 b6 14.Bf1 Qd7 15.Nce4 Ba4
16.b3 Bc6 17.Bd2 Rad8 18.Rc1 h6 19.Nxd6 Qxd6 20.Ne4 Qd7 21.c3 Nf5 22.a4 Bb7
23.a5 Ba6 24.c4 Bb7 25.b4 Nd6 26.Nxd6 Qxd6 27.axb6 axb6 28.Qb3 Ba8 29.Be3 Kh7  1/2-1/2

[Event "Oberliga Nord W9596"]
[Site "Germany"]
[Date "1996.??.??"]
[Round "?"]
[White "Schwekendiek, Ulrich"]
[Black "Wenzel, Reinhard"]
[Result "1/2-1/2"]
[WhiteElo "2300"]
[BlackElo "2270"]

1.e4 c5 2.Nf3 Nc6 3.Bb5 g6 4.Bxc6 dxc6 5.d3 Bg7 6.Nc3 e5 7.Be3 Qe7 8.Qd2 Bg4
9.O-O-O Nf6 10.h3 Bxf3 11.gxf3 Nh5 12.Ne2 b6 13.Qc3 O-O 14.Qc4 Qf6 15.Ng1 Nf4
16.h4 h6 17.Rh2 Kh7 18.Kb1 Rad8 19.Nh3 Qe6 20.Qxe6 Nxe6 21.h5 g5 22.Ng1 f5
23.Ne2 f4 24.Bc1 c4 25.Rhh1 cxd3 26.Rxd3 Rxd3 27.cxd3 Rd8 28.Kc2 Bf8 29.b3 Kg7
30.Bb2 Kf6 31.Bc3 Bc5 32.Rh2 a5 33.a4 Rd7 34.Bb2 b5 35.Bc3 bxa4 36.bxa4 Bb6
37.Ba1 Bc7 38.Rh1 Bb6 39.Rf1 Rg7 40.d4 Bxd4 41.Bxd4 exd4 42.Rb1 g4 43.fxg4 Rxg4
44.Rb6 Rg2 45.Kd3 Ke5 46.Rxc6 Rxf2 47.Nxd4 Nxd4 48.Rc5+ Kd6 49.Rd5+ Ke6  1/2-1/2

[Event "BL2-S9596"]
[Site "Germany"]
[Date "1996.??.??"]
[Round "?"]
[White "Osorios Ortiz, Marcos"]
[Black "Baum, Bernd"]
[Result "0-1"]
[WhiteElo "2265"]
[BlackElo "2240"]

1.e4 c5 2.Nf3 Nc6 3.Bb5 Qb6 4.Na3 g6 5.O-O Bg7 6.c3 Nf6 7.Re1 O-O 8.h3 d6
9.Bf1 Bd7 10.g3 Rac8 11.Nc4 Qc7 12.Ne3 Qb8 13.d3 b5 14.Nd2 b4 15.Qc2 Rfe8
16.Ndc4 e6 17.Ng2 e5 18.Bg5 Bxh3 19.Nge3 Bxf1 20.Bxf6 Bxf6 21.Rxf1 Bg7 22.f4 exf4
23.gxf4 Rcd8 24.Rac1 Qb7 25.Qg2 Qe7 26.e5 dxe5 27.Qxc6 exf4 28.Ng2 bxc3 29.bxc3 Qg5
30.Qf3 Bh6 31.Rcd1 Qf6 32.Rc1 g5 33.Nd2 Qg6 34.Ne1 g4 35.Qg2 f3 36.Nexf3 gxf3
37.Qxg6+ hxg6 38.Ne4 Bxc1 39.Rxc1 Rxd3 40.Nf6+ Kf8 41.Nxe8 Kxe8 42.Kf2 Kd7
43.Kg3 Kd6 44.Kf4 Kd5  0-1

[Event "BL9596 (Women)"]
[Site "Germany"]
[Date "1996.??.??"]
[Round "?"]
[White "Wagner Michel, Annett"]
[Black "Ankerst, Milka"]
[Result "1-0"]
[WhiteElo "2170"]
[BlackElo "2095"]

1.e4 c5 2.Nf3 Nc6 3.Bb5 g6 4.O-O Bg7 5.Re1 Nf6 6.Nc3 Nd4 7.e5 Ng8 8.d3 Nh6
9.Nxd4 cxd4 10.Nd5 O-O 11.Bg5 Re8 12.Qd2 Nf5 13.g4 h6 14.gxf5 hxg5 15.fxg6 e6
16.gxf7+ Kxf7 17.Bc4 b6 18.Qe2 Bb7 19.Qf3+ Kg6 20.Ne7+ Qxe7 21.Qxb7 Rf8 22.Qe4+ Kh5
23.Qh7+ Kg4 24.Re4+ Rf4 25.f3+  1-0

[Event "BL2-N9697"]
[Site "Germany"]
[Date "1996.??.??"]
[Round "?.2"]
[White "Meissner, Hans Juergen"]
[Black "Von Herman, Ulf"]
[Result "1/2-1/2"]
[WhiteElo "2255"]
[BlackElo "2390"]

1.e4 c5 2.Nf3 Nc6 3.Bb5 Na5 4.O-O a6 5.Be2 b5 6.Re1 Bb7 7.Bf1 Nf6 8.e5 Nd5
9.d3 e6 10.Nbd2 Ne7 11.Ng5 Ng6 12.Qh5 Nc6 13.Ndf3 h6 14.Nxf7 Kxf7 15.Re4 Ne7
16.Rg4 Kg8 17.Nd2 Qe8 18.Ne4 Bxe4 19.dxe4 Kh7 20.a4 b4 21.Be3 Nc6 22.f4 Be7
23.Rd1 Ra7 24.Qh3 Qf7 25.Rd2 Rf8 26.Rf2 Rg8 27.Bc4 Qe8 28.b3 Ra8 29.Rf3 Ncxe5
30.fxe5 Nxe5 31.Rfg3 Nxg4 32.Qxg4 Bd6 33.e5 Be7 34.Bd3+ g6 35.h4 Kh8 36.Bxh6 c4
37.bxc4 Bc5+ 38.Kh2 Qf7 39.Bg5 Be7 40.Rf3 Qg7 41.Rf6 Qh7 42.Qf4 Raf8 43.a5 Bxf6
44.exf6 Qf7 45.Qd6 Rc8 46.g4 Rc6 47.Qxb4 e5 48.Qd2 Rf8 49.Be4 Rxc4 50.Bd5 Rd4
51.Qxd4 exd4 52.Bxf7 Rxf7 53.Kg3 d6 54.Kf4 Rc7 55.Ke4 Rxc2 56.Kxd4 Rc5 57.Bf4 Rxa5
58.Bxd6 Kg8 59.h5 gxh5 60.gxh5 Rxh5 61.Kc3 Kf7 62.Be7 Ke6 63.Kb2 Rf5 64.Kb3 Rf4
65.Bd8 Kd5 66.Kc3 Kc6 67.Be7 a5 68.Kb3 Kb5 69.Kc3 Kc6 70.Kb3 Kd5 71.Ka3 Kc6
72.Kb3 a4+ 73.Ka3 Kb5 74.Kb2 Rf3 75.Ka2 Kc4 76.Kb2 a3+ 77.Bxa3 Rf2+ 78.Kc1 Rxf6
79.Kd2 Rh6 80.Ke2 Rh2+ 81.Kf1 Kd3 82.Bd6  1/2-1/2

[Event "BL2-O9697"]
[Site "Germany"]
[Date "1996.??.??"]
[Round "?.1"]
[White "Mischustov, Michael"]
[Black "Jansa, Vlastimil"]
[Result "1/2-1/2"]
[WhiteElo "2390"]
[BlackElo "2490"]

1.e4 c5 2.Nf3 Nc6 3.Bb5 g6 4.O-O Bg7 5.Re1 Nf6 6.c3 O-O 7.d4 cxd4 8.cxd4 d5
9.e5 Ne4 10.Ng5 Qb6 11.Bxc6 bxc6 12.Nxe4 dxe4 13.Nc3 Rd8 14.Be3 Bxe5 15.dxe5 Rxd1
16.Raxd1 Qc7 17.Nxe4 Bf5 18.Nc3 Kg7 19.h3 h5 20.Rd2 Rb8 21.e6 Bxe6 22.Bd4+ Kh7
23.Be5 Qc8 24.Bxb8 Qxb8 25.Re3 Kg7 26.a3 a5 27.Re4 Qc7 28.Rde2 Qd6 29.Re1 Kf8
30.Re5 Bd5 31.Rxe7 Qxe7 32.Rxe7 Kxe7 33.b4 axb4 34.axb4 Kd6 35.f4 h4 36.Kf2 Bc4
37.g3 hxg3+ 38.Kxg3 Bd3 39.Kf3 Ke6 40.Kg4 Bf5+ 41.Kg3 Bd3 42.Kg4 Kf6 43.h4 Ke6
44.Kg3 Kf5 45.Kf3 Ba6 46.Kg3 Bb7 47.Na4 Ba6 48.Nc3 Bf1 49.Kf3 Ke6 50.Kg4 Bg2
51.Kg3 Bh1 52.Kg4 Kf6 53.Kh3 Kf5 54.Kg3 Ke6 55.Kg4 Bg2 56.Kg3 Bf1 57.Kg4 Bd3
58.Kg3 Kf5 59.Kf3 Bc4 60.Kg3 Ba6 61.Kf3 Bb7 62.Kg3 Ke6 63.Kg4 Ba6 64.Kg3  1/2-1/2

[Event "BL2-O9697"]
[Site "Germany"]
[Date "1996.??.??"]
[Round "?.2"]
[White "Zolnierowicz, Krzysztof"]
[Black "Hamann, Sven"]
[Result "1-0"]
[WhiteElo "2360"]
[BlackElo "2215"]

1.e4 c5 2.Nf3 Nc6 3.Bb5 g6 4.O-O Bg7 5.c3 Nf6 6.Re1 O-O 7.h3 d6 8.d4 Qb6
9.Bf1 e5 10.dxc5 dxc5 11.Na3 Qc7 12.Nc4 Rd8 13.Qc2 h6 14.Ne3 Be6 15.g3 Ne8
16.h4 a6 17.h5 g5 18.Nh2 Nf6 19.Be2 Rd7 20.Nhg4 Nxg4 21.Bxg4 Bxg4 22.Nxg4 Qd6
23.Ne3 Ne7 24.Rd1 Qe6 25.Rxd7 Qxd7 26.Qd1 Rd8 27.Qxd7 Rxd7 28.Kf1 Kf8 29.Ke2 Ng8
30.f3 Nf6 31.g4 Ke8 32.a4 Kd8 33.Nc4 Ne8 34.Be3 b5 35.axb5 axb5 36.Nb6 Rb7
37.Bxc5 Nc7 38.b4 Ke8 39.Ra2 Bf8 40.Nc8 Bxc5 41.bxc5 Kf8 42.Nd6 Rb8 43.Ra7  1-0

[Event "BL2-W9697"]
[Site "Germany"]
[Date "1996.??.??"]
[Round "?.1"]
[White "Mainka, Romuald"]
[Black "Schoen, Wolfram"]
[Result "1-0"]
[WhiteElo "2455"]
[BlackElo "2420"]

1.e4 c5 2.Nf3 Nc6 3.Bb5 d6 4.O-O Bd7 5.c3 a6 6.Ba4 Nf6 7.Re1 c4 8.Bc2 Bg4
9.b3 cxb3 10.axb3 e6 11.d4 Be7 12.Nbd2 O-O 13.Nf1 Bh5 14.Ng3 Bg6 15.c4 d5
16.cxd5 exd5 17.e5 Ne4 18.Nxe4 dxe4 19.Bxe4 Bxe4 20.Rxe4 Qd5 21.Re3 Rfd8
22.Bb2 Bc5 23.Rd3 Rd7 24.Qe2 Re8 25.Rad1 Bf8 26.Ng5 h6 27.Ne4 Kh8 28.h3 Nb4
29.R3d2 Qxb3 30.f4 Nd5 31.Qg4 Qe3+ 32.Kh1 Rc7 33.f5 Nf4 34.Nd6 Bxd6 35.exd6 Rc4
36.d5 f6 37.Bd4 Qe4 38.Bb6 h5 39.Qf3  1-0

[Event "Oberliga Ost C9596"]
[Site "Germany"]
[Date "1996.??.??"]
[Round "?"]
[White "Cicak, Slavko"]
[Black "Wege, Jochen"]
[Result "1-0"]
[WhiteElo "2425"]
[BlackElo "2265"]

1.e4 c5 2.Nf3 Nc6 3.Bb5 g6 4.O-O Bg7 5.Re1 e5 6.c3 Nge7 7.d4 cxd4 8.cxd4 exd4
9.Bf4 d6 10.Nxd4 O-O 11.Bxc6 bxc6 12.Nc3 a5 13.Qd2 Re8 14.Rad1 Bb7 15.Na4 Nc8
16.Nb3 Be5 17.Bxe5 Rxe5 18.Nbc5 Qe7 19.Nxb7 Qxb7 20.Re3 Qb4 21.Qc2 Ra6 22.b3 Re8
23.f3 Qb5 24.Rc3 Rd8 25.Qd2 Qb4 26.Qg5 Re8 27.Qf6 Qb5 28.Rdc1 Qb7 29.Rd1 Qb5
30.Qd4 Qb7 31.Nb2 Qb4 32.Nc4 Re6 33.Rcd3 Qb7 34.Qc3 Qc7 35.a4 Qe7 36.Ne3 h5
37.Nc2 Qb7 38.Qd2 Qe7 39.Ne3 Qa7 40.Kf1 Rb6 41.Nc4 Rb4 42.Qg5 Qa6 43.Qxa5 Qxa5
44.Nxa5 Ne7 45.Rxd6 Re5 46.Nc4 Rc5 47.R1d3 Kg7 48.Rd8 g5 49.g3 Ng8 50.Ke2 Nf6
51.Ke3 Rb7 52.Kd4 Nd7 53.Rd2  1-0

[Event "BL2-N9697"]
[Site "Germany"]
[Date "1996.??.??"]
[Round "?.5"]
[White "Winterfeld, Dirk"]
[Black "Gustafsson, Jan"]
[Result "1/2-1/2"]
[WhiteElo "2245"]
[BlackElo "2340"]

1.e4 c5 2.Nf3 Nc6 3.Bb5 g6 4.O-O Bg7 5.c3 Nf6 6.Re1 O-O 7.d4 d5 8.e5 Ne4
9.Nbd2 cxd4 10.cxd4 Bf5 11.Bxc6 bxc6 12.Nb3 f6 13.exf6 exf6 14.Be3 g5 15.Rc1 Qb6
16.Nfd2 Nd6 17.g4 Bg6 18.f4 f5 19.fxg5 Rae8 20.Bf2 Ne4 21.Nxe4 fxe4 22.Qd2 Qc7
23.Be3 Qd7 24.Qg2 Rf3 25.Kh1 a5 26.h4 a4 27.Nc5 Qd6 28.Bg1 Ref8 29.Rc3 Rxc3
30.bxc3 Rf3 31.Re3 Rf8 32.Nxa4 Qa3 33.Nc5 Ra8 34.Ne6 Qxa2 35.Nxg7 Kxg7 36.Qg3 Qa7
37.Qe5+ Kg8 38.Qe6+ Qf7 39.Qxf7+ Bxf7 40.Bh2 Be6 41.Rg3 Ra1+ 42.Kg2 Ra2+
43.Kh3 Rc2 44.Bg1 Bc8 45.h5 Kg7 46.Kh4 Ba6 47.Re3 Rg2 48.Rg3 Rc2 49.Re3 Rg2
50.Rg3 Rc2  1/2-1/2

[Event "Oberliga Nord O9697"]
[Site "Germany"]
[Date "1996.??.??"]
[Round "?"]
[White "Bruchmann, Stephan"]
[Black "Brameyer, Hermann"]
[Result "1-0"]
[WhiteElo "2190"]
[BlackElo "2290"]

1.e4 c5 2.Nf3 Nc6 3.Bb5 Qb6 4.Ba4 e6 5.O-O d6 6.c3 Nf6 7.Qe2 Bd7 8.Rd1 e5
9.Na3 Be7 10.d4 cxd4 11.Nc4 Qa6 12.Bb5 Qxb5 13.Nxd6+ Bxd6 14.Qxb5 O-O 15.Qd3 Bg4
16.Bg5 Nd7 17.h3 Bh5 18.g4 Bg6 19.b4 f6 20.Bc1 Rfd8 21.a3 Nb6 22.c4 Bf8 23.c5 Nd7
24.Bd2 Rac8 25.Nh4 Bf7 26.Rdc1 Ncb8 27.Qg3 g6 28.g5 Re8 29.gxf6 Nxf6 30.f3 Nc6
31.Nf5 Nh5 32.Qg2 Kh8 33.Nd6 Bxd6 34.cxd6 Be6 35.b5 Nb8 36.Rxc8 Rxc8 37.Rc1 Rxc1+
38.Bxc1  1-0

[Event "Landesliga Sued 9697 Bayern"]
[Site "Germany"]
[Date "1996.??.??"]
[Round "?"]
[White "Velicka, Petr"]
[Black "Anka, Emil"]
[Result "1/2-1/2"]
[WhiteElo "2390"]
[BlackElo "2400"]

1.e4 c5 2.Nf3 Nc6 3.Bb5 g6 4.Bxc6 dxc6 5.h3 e5 6.d3 Qe7 7.Be3 Nf6 8.Qd2 c4
9.Nc3 cxd3 10.Qxd3 Bg7 11.O-O-O Nd7 12.Qd2 h6 13.h4 h5 14.Kb1 f6 15.Qe2 Nb6
16.Nd2 Be6 17.Nb3 Nc4 18.Bc5 Qf7 19.f3 b6 20.Bf2 O-O 21.g4 Rad8 22.gxh5 gxh5
23.Be3 Nxe3 24.Qxe3 Kh7 25.Nc1 Bh6 26.Qe2 Rxd1 27.Nxd1 Rd8 28.Ne3 Qg8 29.b3 Bxe3
30.Qxe3 Qg2 31.Rg1 Qd2 32.Qe2 Qxe2 33.Nxe2 Rd2 34.Re1 Rd7 35.Rg1 Rg7 36.Rxg7+ Kxg7
37.Kc1 f5 38.exf5 Bxf5 39.Kd2 Kf6 40.Ng3 Bg6 41.Ne4+  1/2-1/2

[Event "Landesliga Sued 9697 Bayern"]
[Site "Germany"]
[Date "1996.??.??"]
[Round "?"]
[White "Scheckenbach, Franz"]
[Black "Wild, Rudolf"]
[Result "1/2-1/2"]
[WhiteElo "2170"]
[BlackElo "2145"]

1.e4 c5 2.Nf3 Nc6 3.Bb5 g6 4.O-O Bg7 5.Re1 e5 6.c3 Nge7 7.Na3 a6 8.Bf1 d6
9.Nc2 O-O 10.h3 Qb6 11.Ne3 Be6 12.Ng5 Bd7 13.Qb3 Qc7 14.Nd5 Nxd5 15.exd5 Nd8
16.d4 exd4 17.cxd4 Bxd4 18.Bf4 f6 19.Nf3 Be5 20.Nxe5 fxe5 21.Bxe5 Nf7 22.Bh2 Rae8
23.Qc3 b5 24.Rxe8 Rxe8 25.Re1 Rxe1 26.Qxe1 Qd8 27.Qe3 Qf6 28.Qd2 Qd4 29.Qxd4 cxd4
30.g4 Ne5 31.f4 Nf3+ 32.Kg2 Nxh2 33.Kxh2 Bc8 34.Kg3 Bb7 35.Bg2 Kg7 36.Kf2 Kf6
37.Ke2 g5 38.fxg5+ Kxg5 39.Kd3 Kf4 40.Kxd4 Kg3 41.Bf1 h6 42.Bd3 Kxh3 43.Bf5 Kg3
44.Be6 Kf4 45.Bd7 Kf3  1/2-1/2

[Event "Landesliga Sued 9697 Bayern"]
[Site "Germany"]
[Date "1996.??.??"]
[Round "?"]
[White "Reisinger, Markus"]
[Black "Riedel, Lutz"]
[Result "1/2-1/2"]
[WhiteElo "1935"]
[BlackElo "1960"]

1.e4 c5 2.Nf3 Nc6 3.Bb5 Nf6 4.e5 Nd5 5.O-O Nc7 6.Bxc6 dxc6 7.Nc3 Bg4 8.h3 Bh5
9.Qe2 Ne6 10.Qe3 Bg6 11.Ne1 Nd4 12.d3 e6 13.Ne4 Nf5 14.Qe2 Qd5 15.Nf3 Nd4
16.Nxd4 cxd4 17.Nd2 O-O-O 18.a4 Rd7 19.Nc4 b5 20.Na5 Bc5 21.Bd2 Bb6 22.Rfe1 Re8
23.Qd1 a6 24.axb5 cxb5 25.Qb1 Ra7 26.Qa2 Qxa2 27.Rxa2 Kd7 28.Bb4 Rc8 29.Re2 Bxa5
30.Bxa5 Rc6 31.Kf1 Ra8 32.Ke1 Kc8 33.Kd2 Kb7 34.Re1 Rac8 35.b3 f6 36.Bb4 f5
37.Bd6 Kb6 38.Bb4 Be8 39.Rea1 Kb7 40.Bd6 Rb6 41.Bb4 Rbc6 42.Bd6  1/2-1/2

[Event "Landesliga N9596 Bayern"]
[Site "Germany"]
[Date "1996.??.??"]
[Round "?"]
[White "Heimrath, Wolfgang"]
[Black "Luft, Josef"]
[Result "1-0"]
[WhiteElo "2105"]
[BlackElo "2150"]

1.e4 c5 2.Nf3 Nc6 3.Bb5 g6 4.O-O Bg7 5.c3 Nf6 6.Re1 Qb6 7.Qa4 O-O 8.d4 cxd4
9.cxd4 d6 10.d5 Ne5 11.Nxe5 dxe5 12.Be3 Qd8 13.Bc5 Bd7 14.Nc3 Bxb5 15.Qxb5 b6
16.Bb4 a6 17.Qe2 Qd7 18.Red1 Rfe8 19.Rac1 Bh6 20.Rc2 Qb7 21.d6 exd6 22.Rxd6 Nh5
23.Nd5 Nf4 24.Nf6+ Kh8 25.Qd1 Rac8 26.Rd7 Qa8 27.Rxf7 Bg7 28.Rxg7 Kxg7 29.Nxe8+ Rxe8
30.Rc7+ Kf6 31.f3 Ne6 32.Rxh7 Qc8 33.Bc3 Qc5+ 34.Kh1 Qf2 35.Qg1 Qe2 36.Rd7 Nf4
37.Qxb6+ Re6 38.Qg1 Rc6 39.Rd2 Qb5 40.a3 Qc4  1-0

[Event "NRW-Liga II 9596"]
[Site "Germany"]
[Date "1996.??.??"]
[Round "?"]
[White "Schoenthier, Frank"]
[Black "Hall, Jesper"]
[Result "1/2-1/2"]
[WhiteElo "2365"]
[BlackElo "2415"]

1.e4 c5 2.Nf3 Nc6 3.Bb5 g6 4.O-O Bg7 5.Re1 Nf6 6.e5 Nd5 7.Nc3 Nc7 8.Bxc6 dxc6
9.Ne4 b6 10.Nf6+ Kf8 11.Ne4 Bg4 12.d3 h6 13.Ned2 Qd7 14.h3 Be6 15.a4 Kg8
16.a5 Kh7 17.Ne4 Rhd8 18.Qe2 Nb5 19.Be3 Nd4 20.Bxd4 cxd4 21.b4 Qd5 22.Ned2 c5
23.b5 Qb7 24.Reb1 Bd5 25.Nc4 Rf8 26.Ra4 f6 27.exf6 Rxf6 28.axb6 axb6 29.Rxa8 Qxa8
30.Ncd2 Re6 31.Qd1 Qb8 32.Qf1 Qe8 33.Qd1 g5 34.Nc4 Qg6 35.Nfd2 h5 36.Qf1 g4
37.hxg4 hxg4 38.Re1 Bh6 39.Ne4 Bf4 40.Ng3 Bxc4 41.dxc4 Bxg3 42.fxg3 Rxe1
43.Qxe1 e6 44.Qe5 Qxc2 45.Qxe6 Qb1+ 46.Kh2 Qg6 47.Qe7+ Kh6 48.Qf8+ Kh5 49.Qh8+ Qh6
50.Qg8 d3 51.Qd5+ Kg6+ 52.Kg1 Qe3+ 53.Kh2 Qh6+ 54.Kg1 Qe3+ 55.Kh2 Qd4 56.Qg8+ Kf5
57.Qf7+ Kg5 58.Qg8+ Kh6 59.Qe6+ Kh7 60.Qf7+ Qg7 61.Qd5 Qg6 62.Kg1 Kg7  1/2-1/2

[Event "Landesliga Nord 9697 Bayern"]
[Site "Germany"]
[Date "1996.??.??"]
[Round "?"]
[White "Palek, Miroslav"]
[Black "Eckstein, Bernd"]
[Result "1/2-1/2"]
[WhiteElo "2195"]
[BlackElo "2155"]

1.e4 c5 2.Nf3 Nc6 3.Bb5 g6 4.O-O Bg7 5.c3 Nf6 6.Re1 O-O 7.d4 cxd4 8.cxd4 d5
9.e5 Ne4 10.h3 Bd7 11.Bf1 Qb6 12.Nc3 Nxc3 13.bxc3 Rac8 14.Ba3 Rfe8 15.Rb1 Qc7
16.c4 dxc4 17.Bxc4 Bf5 18.e6 Bxe6 19.Bxe6 fxe6 20.Rxe6 Qd7 21.Re4 e6 22.Qd3 Rcd8
23.Bb2 Qd5 24.Bc3 b6 25.Rb5 Qxa2 26.Re2 Qa6 27.Qc4 Rd5 28.Rc5 Qxc4 29.Rxc4 Nb8
30.Rc7 a5 31.Rb2 Nd7 32.Nd2 Bxd4 33.Bxd4 Rxd4 34.Nc4 Rb8 35.Re2 a4 36.Rxe6 b5
37.Ne5 Rd1+ 38.Kh2 Nxe5 39.Rxe5 b4 40.Ree7 Kf8 41.Rxh7 Kg8  1/2-1/2

[Event "Landesliga Nord 9697 Bayern"]
[Site "Germany"]
[Date "1996.??.??"]
[Round "?"]
[White "Heimrath, Wolfgang"]
[Black "Petzold, Vinzenz"]
[Result "1-0"]
[WhiteElo "2140"]
[BlackElo "1970"]

1.e4 c5 2.Nf3 Nc6 3.Bb5 g6 4.O-O Bg7 5.c3 Nf6 6.Re1 O-O 7.d4 cxd4 8.cxd4 d5
9.e5 Ne4 10.Ng5 Nxg5 11.Bxg5 f6 12.exf6 exf6 13.Bf4 Kh8 14.Nc3 a6 15.Bxc6 bxc6
16.Na4 Bd7 17.Nc5 Re8 18.Qd2 Ra7 19.Rxe8+ Qxe8 20.Re1 Qf7 21.Qb4 Qf8 22.Qb6 Qa8
23.Re7 Bf8 24.Rf7 Kg8 25.Rxf8+ Kxf8 26.Bb8  1-0

[Event "Landesliga Nord 9697 Bayern"]
[Site "Germany"]
[Date "1996.??.??"]
[Round "?"]
[White "Gross, Stefan"]
[Black "Delitzsch, Juergen"]
[Result "1-0"]
[WhiteElo "2275"]
[BlackElo "2225"]

1.e4 c5 2.Nf3 Nc6 3.Bb5 g6 4.Bxc6 bxc6 5.Nc3 Bg7 6.d3 Rb8 7.O-O e5 8.Nd2 Ne7
9.f4 O-O 10.Nc4 f6 11.fxe5 fxe5 12.Rxf8+ Qxf8 13.Qf3 Qxf3 14.gxf3 d5 15.Na5 Bf8
16.b3 Rb6 17.Bd2 Bd7 18.Na4 Rb5 19.c4 Rb8 20.Nxc5 Bh3 21.b4 Rd8 22.Nab7 Rb8
23.a4 dxc4 24.dxc4 Nc8 25.Bc3 Nb6 26.Bxe5 Re8 27.Bd4 Nxc4 28.Kf2 Bc8 29.b5 cxb5
30.axb5 Bxc5 31.Nxc5 Rd8 32.Bf6 Rd6 33.Bc3 Rb6 34.Rxa7 Rxb5 35.Bd4 h5 36.Rg7+ Kf8
37.Rxg6 Ne5 38.Rh6  1-0

[Event "NRW-Liga I 9596"]
[Site "Germany"]
[Date "1996.??.??"]
[Round "?"]
[White "Pedzich, Dominik"]
[Black "Dueball, Juergen"]
[Result "1/2-1/2"]
[WhiteElo "2400"]
[BlackElo "2395"]

1.e4 c5 2.Nf3 Nc6 3.Bb5 g6 4.O-O Bg7 5.c3 Qb6 6.Ba4 e6 7.Na3 d5 8.exd5 exd5
9.d4 Ne7 10.dxc5 Qxc5 11.Be3 Qa5 12.b4 Qd8 13.b5 Ne5 14.b6+ N7c6 15.Nxe5 Bxe5
16.Bxc6+ bxc6 17.Qa4 Bb7 18.bxa7 O-O 19.Rab1 Qc7 20.Bc5 Rfe8 21.f4 Bxc3 22.Qb3 Ba6
23.Qxc3 Bxf1 24.Rxf1 Rxa7 25.Bxa7 Qxa7+ 26.Kh1 Re3 27.Qxc6 Rxa3 28.Qe8+ Kg7  1/2-1/2

[Event "BL9697 (Women)"]
[Site "Germany"]
[Date "1996.??.??"]
[Round "?"]
[White "Wagner Michel, Annett"]
[Black "Schaefer, Anke"]
[Result "1/2-1/2"]
[WhiteElo "2170"]
[BlackElo "2155"]

1.e4 c5 2.Nf3 Nc6 3.Bb5 g6 4.O-O Bg7 5.Re1 Nf6 6.Nc3 a6 7.Bxc6 dxc6 8.e5 Nd5
9.Ne4 c4 10.h3 O-O 11.b3 Nb6 12.Bb2 Be6 13.d3 cxd3 14.c4 Qc7 15.Qxd3 Bf5
16.Qe3 Bxe4 17.Qxe4 Rad8 18.Qe3 Nd7 19.Rad1 c5 20.Rd3 b6 21.Red1 Nb8 22.Qd2 Nc6
23.Rd7 Qb8 24.Qe3 Qc8  1/2-1/2

[Event "BL9697 (Women)"]
[Site "Germany"]
[Date "1996.??.??"]
[Round "?"]
[White "Wagner Michel, Annett"]
[Black "Heinatz, Gundula"]
[Result "0-1"]
[WhiteElo "2170"]
[BlackElo "2205"]

1.e4 c5 2.Nf3 Nc6 3.Bb5 g6 4.O-O Bg7 5.Re1 e5 6.c3 a6 7.Bc4 Nge7 8.d4 cxd4
9.cxd4 Nxd4 10.Nxd4 exd4 11.Bg5 h6 12.Bh4 d6 13.Nd2 O-O 14.Rc1 b5 15.Bd5 Ra7
16.f4 g5 17.fxg5 Nxd5 18.exd5 hxg5 19.Bf2 Re7 20.Rxe7 Qxe7 21.Nf3 Bg4 22.Qd3 Bxf3
23.Qxf3 Re8 24.Re1 Qd7 25.Rd1 Qc8 26.h4 Qc2 27.Bxd4 Re4 28.Bb6 Rxh4 29.Re1 Be5
30.Bf2 Rf4 31.Qg3 f6 32.Rf1 Rh4 33.Qf3 Bh2+ 34.Kh1 Bg3+ 35.Kg1 Rh1+  0-1

[Event "Gistrup"]
[Site "Gistrup"]
[Date "1996.??.??"]
[Round "5"]
[White "Hellsten, Johan"]
[Black "Schandorff, Lars"]
[Result "1-0"]
[WhiteElo "2490"]
[BlackElo "2495"]

1.e4 c5 2.Nf3 Nc6 3.Bb5 g6 4.O-O Bg7 5.Re1 Nf6 6.c3 O-O 7.d4 cxd4 8.cxd4 d5
9.e5 Ne4 10.Nc3 Nxc3 11.bxc3 Na5 12.Bd3 Bg4 13.Bg5 Rc8 14.Rc1 f6 15.exf6 exf6
16.Bf4 Qd7 17.h3 Bf5 18.Nh2 Bxd3 19.Qxd3 Rfe8 20.h4 Nc4 21.Qf3 Re6 22.Rxe6 Qxe6
23.Rb1 b6 24.Nf1 Kf7 25.g4 a6 26.Ng3 b5 27.Kg2 Kg8 28.Rh1 Re8 29.h5 g5 30.Bc1 h6
31.Rd1 Bf8 32.Qd3 Qf7 33.Qf1 Nd6 34.Ba3 Ne4 35.Nf5 Kh8 36.Bb4 Bxb4 37.cxb4 Qf8
38.Qd3 Rc8 39.f3 Nd6 40.Rd2 Nxf5 41.Qxf5 Rc6 42.Qxd5 Rd6 43.Qf5 Qf7 44.d5 Kg7
45.a3 Kh8 46.Qc8+ Qg8 47.Qb7 Qe8 48.Rc2 Kg8 49.Kh3 f5 50.Rc8 fxg4+ 51.Kxg4 Rd8
52.Rxd8 Qxd8 53.Qxa6 Qf8 54.Qe6+ Kh8 55.Qe5+ Kg8 56.Qf5  1-0

[Event "Gleisdorf op"]
[Site "Gleisdorf"]
[Date "1996.??.??"]
[Round "?"]
[White "Horvath, Tamas"]
[Black "Podlesnik, Bogdan"]
[Result "1-0"]
[WhiteElo "2410"]
[BlackElo "2410"]

1.e4 c5 2.Nf3 Nc6 3.Bb5 e6 4.O-O Nge7 5.Nc3 a6 6.Bxc6 Nxc6 7.d4 cxd4 8.Nxd4 d6
9.Re1 Bd7 10.Nxc6 bxc6 11.Re3 Be7 12.Rg3 Bh4 13.Rh3 e5 14.Rd3 Be7 15.b3 Qa5
16.a4 Be6 17.Ba3 Rd8 18.Qd2 c5 19.Rd1 Qb6 20.Rg3 Bf6 21.Nd5 Bxd5 22.Qxd5 O-O
23.Bb2 Rc8 24.Qc4 Qc6 25.Rdd3 Rfd8 26.h3 Rd7 27.Bc3 Rcd8 28.Rd5 Rc8 29.Kh2 h6
30.Rgd3 Kh7 31.f4 Re8 32.fxe5 Bxe5+ 33.Bxe5 Rxe5 34.Rxe5 dxe5 35.Rxd7 Qxd7
36.Qxc5 Qd2 37.Qxe5 Qxc2 38.Qd5 Qf2 39.Qf5+ Qxf5 40.exf5 a5 41.Kg3 g5 42.Kf3 h5
43.Ke4 h4 44.b4  1-0

[Event "Goch op"]
[Site "Goch"]
[Date "1996.??.??"]
[Round "5"]
[White "Esser, Norbert"]
[Black "Fiederling, Wilfried"]
[Result "1-0"]
[WhiteElo "2220"]
[BlackElo "2085"]

1.e4 c5 2.Nf3 Nc6 3.Bb5 g6 4.O-O Bg7 5.c3 e5 6.Na3 Nge7 7.d3 O-O 8.Be3 d6
9.d4 cxd4 10.cxd4 Bg4 11.d5 Nd4 12.Bxd4 exd4 13.h3 Bxf3 14.Qxf3 Qb6 15.Bd3 Rad8
16.Nc4 Qb4 17.Qd1 b5 18.a3 Qc5 19.b4 Qc7 20.Na5 a6 21.a4 Qb6 22.axb5 axb5
23.Rc1 Rc8 24.Rxc8 Rxc8 25.Qe2 Bh6 26.Rb1 Rb8 27.g3 Bf8 28.Rc1 Rc8 29.Rxc8 Nxc8
30.Nc6 Na7 31.Qc2 h5 32.h4 Bh6 33.Kg2 Bf8 34.Nxa7 Qxa7 35.Qc6 Qa3 36.Qxb5 Bh6
37.Qc4 Qb2 38.b5 Bd2 39.Be2 Ba5 40.Qd3 Bb6 41.Qf3 Kg7 42.Bd3 Qa3 43.Qe2 Qc5
44.g4 hxg4 45.Qxg4 Qa3 46.Qg3 Kh6 47.e5 dxe5 48.Qxe5 Qa8 49.h5 Qc8  1-0

[Event "Goetzis op"]
[Site "Goetzis"]
[Date "1996.??.??"]
[Round "9"]
[White "Albert, Marion"]
[Black "Braun, Christian"]
[Result "1-0"]
[WhiteElo "1940"]
[BlackElo "2200"]

1.e4 c5 2.Nf3 Nc6 3.Bb5 e6 4.c3 d5 5.exd5 Qxd5 6.O-O Nf6 7.Qe2 Be7 8.Rd1 O-O
9.d4 Qh5 10.Bg5 cxd4 11.Bxc6 bxc6 12.cxd4 h6 13.Bxf6 Bxf6 14.Nc3 c5 15.dxc5 Bb7
16.Ne4 Bxe4 17.Qxe4 Qxc5 18.b4 Qb6 19.Rab1 Rfd8 20.a3 Rxd1+ 21.Rxd1 Rd8 22.Rb1 Qd6
23.Kf1 Qd3+ 24.Qxd3 Rxd3 25.a4 e5 26.Ke2 Rd7 27.Ke3 g5 28.h3 h5 29.g4 hxg4
30.hxg4 Kg7 31.Ke4 Rc7 32.Kd3 Re7 33.Nd2 Rd7+ 34.Ke3 Kg6 35.a5 Rd4 36.f3 Be7
37.b5 Rd7 38.Ne4 f6 39.Rb3 Rd5 40.b6 axb6 41.axb6 Rd8 42.b7 Rb8 43.Kd3 Kf7
44.Kc4 Ke6 45.Nc5+ Bxc5 46.Kxc5 f5 47.Rb6+ Kd7 48.gxf5 Kc7 49.Rc6+  1-0